| 000 | 00430nam a2200193Ia 4500 | ||
|---|---|---|---|
| 008 | 170705s9999 xx 000 0 und d | ||
| 020 | _a9780439394932 | ||
| 245 | 4 | _aThe shadowlands / | |
| 245 | _cEmily Rodda. | ||
| 260 | _aNew York : | ||
| 260 | _bScholastic, | ||
| 260 | _c2002 | ||
| 300 | _a155 pages : | ||
| 300 | _bcolor illustration ; | ||
| 300 | _c19cm. | ||
| 440 | _aDeltora ; | ||
| 440 | _v3 | ||
| 500 | _a700 | ||
| 999 |
_c336592 _d336592 |
||